<A> foglalkoztatási törvény és a foglalkoztatáspolitika eszközrendszere.

Práva a povinnosti zamestnancov, zamestnávateľov, vlády a samosprávnych orgánov upravené novým zákonom o zamestnanosti v Maďarskej republike. Nové prvky zákona v porovnaní s predchádzajúcim stavom. Fondy na vytvorenie podpory nezamestnaným. Pomoc pracovníkom, ktorí stoja tesne pred odchodom do dôcho...

Descrizione completa

Salvato in:
Dettagli Bibliografici
Autore principale: Munkácsy, F.
Natura: Capitolo di libro
Lingua:ungherese
Soggetti:
Tags: Aggiungi Tag
Nessun Tag, puoi essere il primo ad aggiungerne!!

MARC

LEADER 00000naa a2200000 4500
001 r004430
005 20221125113506.4
041 0 |a hun 
044 |a HU 
245 1 0 |a <A> foglalkoztatási törvény és a foglalkoztatáspolitika eszközrendszere.  |c F. Munkácsy 
520 |a Práva a povinnosti zamestnancov, zamestnávateľov, vlády a samosprávnych orgánov upravené novým zákonom o zamestnanosti v Maďarskej republike. Nové prvky zákona v porovnaní s predchádzajúcim stavom. Fondy na vytvorenie podpory nezamestnaným. Pomoc pracovníkom, ktorí stoja tesne pred odchodom do dôchodku. 
610 2 0 |a zamestnanosť 
610 2 0 |a zákony 
610 2 0 |a nástroje ekonomické 
610 2 0 |a zamestnanci 
610 2 0 |a MR 
610 2 0 |a podpory v nezamestnanosti 
610 2 0 |a fondy finančné 
610 2 0 |a politika personálna 
100 1 |a Munkácsy, F.